000 00227nam a22000857a 4500
008 160705b xxu||||| |||| 00| 0 eng d
100 _92162
_a Goldberg, L
245 _aA Flat for Rent
260 _aNew Delhi
_bNational Book Trust
_c2004
999 _c1854
_d1854